[Event "St Chely d'Aubrac op 9th"]
[Site "St Chely d'Aubrac"]
[Date "2009.07.11"]
[Round "1"]
[White "Teyssier, Jean Paul"]
[Black "Kreber, Alexandre"]
[Result "1-0"]
[WhiteElo "1731"]
[BlackElo "1270"]
[PlyCount "25"]
[EventDate "2009.07.11"]
[EventType "swiss"]
[EventRounds "9"]
[EventCountry "FRA"]
[SourceTitle "EXT 2010"]
[Source "ChessBase"]
[SourceDate "2010.11.25"]
[SourceVersion "1"]
[SourceVersionDate "2010.11.25"]
[SourceQuality "1"]

1. e4 e5 2. Nf3 Nc6 3. Bc4 d6 4. d3 Nf6 5. h3 d5 6. exd5 Nxd5 7. 0-0 Nf6 8. Re1 Bd6 9. Ng5 0-0 10. Nc3 Be7 11. Be3 Nh5 12. Qxh5 Qe8 13. Qxh7# 1-0